000 01117nas a2200397 4500
001 BR0405085
003 BR-BrBNA
005 20231205104931.0
007 ta
008 230509b bl.|||p| |||| 00| 00por d
040 _aBR-BrBNA
_bpor
_cBiblioteca Nacional de Agricultura
041 _a(Pt)
072 _aL73; L70
100 1 _aSousa, M.G.
100 1 _aGerardi, D.G.
100 1 _aDiniz, P.P.V. de P.
100 1 _aHiga, A.C.
100 1 _aTeshima, E.
100 1 _aFerreira, L.S.
100 1 _aTinucci-Costa, M.
100 1 _aCamacho, A.A.
100 1 _aCarvalho, M.B.
245 1 _aUso da moxidectina como terapia única na demodiciose canina
650 _aCÃO
650 _aTERAPIA
650 _aDOENÇA ANIMAL
650 _aPELE
650 _aPARASITO DE ANIMAL
650 _aÁCARO
650 _aTRANSMISSÃO DE DOENÇA
650 _aMEDICAMENTO
650 _aVETERINÁRIA
773 0 _tRevista Brasileira de Medicina Veterinária (Brazil)
_xISSN 0100-2430
_g(Jan-Mar 2004), v. 26(1) p. 17-20
_wBR0405085
909 _a202311
_bLúcia
_c55
_dLúcia Elande
942 _2AGRIS
_n0
_cANA
999 _c180369
_d180369